000 00472nam a22001817a 4500
003 LC
005 20160314155126.0
008 140429b xxu||||| |||| 00| 0 eng d
020 _a0446532452
050 _aPS 3569 .P363
_b.Sp26wed 2003
100 _aSparks, Nicholas
245 _aThe wedding /
_cNicholas Sparks.
260 _aNew York :
_bWarner Books,
_c2003.
300 _a289 p. :
_c18 cm.
650 _aSpouses -- Fiction.
942 _2lcc
_cBK
999 _c115563
_d115563